000
00244nam a2200097Ia 4500
001
1220561
005
20250827092813.0
008
250824s9999 xx 000 0 und d
245
0
_a
UÇURTMA AVCISI
_c
KHALED HOSSEINI
260
_b
EVEREST YAYINLARI
999
_c
1220561
_d
1220561